000 01365nam a22003617a 4500
003 CHAP
005 20220329134616.0
008 971013s1867 r 00010 d
010 _a22957
011 _a23929
035 _a28026
040 _cCHAP
082 _a972.01
_bD8
100 0 0 _aDurán, Diego.
_934720
245 _aHistoria de las Indias de Nueva España y islas de Tierras Firme
260 _aMéxico, D.F. :
_bImprenta de J.M. Andrade y F. Escalante,
_c1867-80
300 _a535 p.
_e+ atlas
500 _ac.2 pub. en 2 v. por Consejo Nacional para la Cultura y las Artes
590 _aBATCH-UPD
_b10
_c20130110
_lUCH01
_h1844
590 _aBATCH-UPD
_b10
_c20130410
_lUCH01
_h1214
590 _aBATCH-UPD
_b10
_c20130914
_lUCH01
_h0817
590 _aCONVERSION
_b10
_c20130109
_lUCH01
_h1313
650 1 4 _aCalendario mexicano.
_917463
650 1 4 _aIndios de México
_xReligión y mitología.
_957636
650 1 4 _aMéxico
_xHistoria
_xConquista.
_976756
650 1 4 _aMéxico
_xHistoria
_xEpoca prehispánica.
_976759
901 _aBK
942 _cLIBRO
949 _a972.01 D8
_bBC
_cBPP
_d-64673
_eBPP
_h25830
_i28026
_si
949 _a972.01 D8
_bBC
_cBPP
_d-64674
_eBPP
_fatlas
_h25831
_i28026
_si
949 _a972.01 D8
_bBC
_cLIBRO
_d33724000632386
_eLIBRO
_fv.2
_h91767
_i28026
_sb
949 _a972.01 D8
_bBC
_cLIBRO
_d33724002056611
_eLIBRO
_fv.1
_h91766
_i28026
_si
999 _c22957
_d22957